00492nam a2200169 a 450000100060000000300090000600800410001502000150005604000280007108200160009910000260011524500850014126000330022630000080025949000330026765000220030021672CO-ViMGA141112s2004 ck r 000 u spa d a958421473X aCO-ViMGAbspacCO-ViMGA aCo863 S458h1 aSilva Romero, Ricardo10aEl hombre de los mil nombres : bBiografía autorizada del difunto Lester Brown aBogotá : bPlaneta, c2006 a355 aSeix Barral Biblioteca Breve14aNOVELA COLOMBIANA